000 00530cam a2200181 a 4500
020 _a0195619579 :
041 _aENG
082 0 0 _a294
_bHAR
100 1 _aHardiman, David.
245 1 4 _aThe coming of the Devi : Adivasi Assertion in Western India
260 _aDelhi ;
_aNew York :
_bOxford University Press,
_c1987.
300 _ax, 248 p. :
_bill., 5 maps ;
500 _aIncludes index.
650 0 _aAdivasis
650 0 _aPeasants
856 4 2 _uhttp://www.loc.gov/catdir/enhancements/fy0635/87900016-d.html
942 _cBK
999 _c22731
_d22731